[Event "XVI Cto Aragón Veteranos 2017 Grupo B"]
[Site ""]
[Date "2017.04.22"]
[Round "1"]
[White "Gonzalez Felez Jose Julian"]
[Black "Garcia Artal Obdulio"]
[Result "1-0"]
[WhiteElo "2009"]
[BlackElo "1646"]

1.b3 e5 2.Bb2 d6 3.e3 Nf6 4.c4 b6 5.Nc3 Be7 6.Qc2 Bb7 7.d4 Nbd7 8.O-O-O O-O 9.
Nf3 e4 10.Nd2 d5 11.cxd5 Nxd5 12.Ndxe4 Nxc3 13.Nxc3 c5 14.d5 a6 15.e4 b5 16.
Be2 Nb6 17.f4 c4 18.bxc4 Nxc4 19.Bxc4 bxc4 20.d6 Bf6 21.e5 Bxe5 22.fxe5 Qg5+
23.Qd2 Qxe5 24.Rhe1 1-0

[Event "XVI Cto Aragón Veteranos 2017 Grupo B"]
[Site ""]
[Date "2017.04.22"]
[Round "1"]
[White "Lorente Latorre Antonio"]
[Black "Brosa Soto Jesus"]
[Result "0-1"]
[WhiteElo "1609"]
[BlackElo "1967"]

1.e4 e5 2.Nf3 Nf6 3.Nxe5 d6 4.Nf3 Nxe4 5.d3 Nf6 6.Bg5 Be7 7.Nc3 O-O 8.Be2 c6
9.O-O h6 10.Bh4 Na6 11.a3 Nc7 12.Re1 Ne6 13.Rb1 a5 14.Bxf6 Bxf6 15.Ne4 Be7 16.
Qd2 f5 17.Nc3 g5 18.h3 Bf6 19.Bf1 g4 20.hxg4 fxg4 21.Nh2 Bg5 22.Qd1 h5 23.Ne4
Bh6 24.g3 d5 25.Nd2 Qb6 26.Re2 Nd4 27.c3 Nxe2+ 28.Qxe2 Rxf2 0-1

[Event "XVI Cto Aragón Veteranos 2017 Grupo B"]
[Site ""]
[Date "2017.04.22"]
[Round "1"]
[White "Orti Stock Carlos"]
[Black "Cortes Sobrevilla Cecilio"]
[Result "1-0"]
[WhiteElo "1898"]
[BlackElo "1570"]

1.b3 c6 2.Bb2 d6 3.e3 Nd7 4.f4 e6 5.Nf3 Ngf6 6.Be2 Be7 7.O-O O-O 8.Nc3 Re8 9.
Qe1 Nf8 10.Rd1 b6 11.e4 Bb7 12.d4 Qc7 13.Bd3 Ng6 14.e5 Nd5 15.Nxd5 exd5 16.Qg3
Nf8 17.f5 dxe5 18.dxe5 Kh8 19.Kh1 f6 20.exf6 Qxg3 21.hxg3 Bxf6 22.Bxf6 gxf6
23.Rde1 Nd7 24.Nd4 Ne5 25.Ne6 Nxd3 26.cxd3 Re7 27.d4 Rae8 28.Rc1 Rg8 29.Kh2
Rg4 30.Kh3 Re4 31.Rce1 Rxe1 32.Rxe1 Bc8 33.Kg4 Kg8 34.Kf4 Re8 35.g4 Kf7 36.Rh1
Bxe6 37.fxe6+ Kxe6 38.Rxh7 Re7 39.Rh6 Rg7 40.b4 a6 41.Rh8 Ra7 42.Rb8 Kd7 43.
Kf5 a5 44.Rf8 Ke7 45.Rxf6 axb4 46.Rxc6 Rxa2 47.Rxb6 Rf2+ 48.Ke5 Re2+ 49.Kxd5
Rxg2 50.Rb7+ Kf6 51.Rxb4 Rxg4 52.Kd6 Rg8 53.Rb7 Rd8+ 54.Rd7 Rc8 55.d5 Rc2 56.
Rd8 Kf7 57.Kd7 Rc4 58.d6 Rc3 59.Rc8 Rd3 60.Rc5 Kf6 61.Rc2 Ke5 62.Re2+ Kf6 63.
Kc7 Rc3+ 64.Kd8 Kf7 65.d7 Kf6 66.Ke8 1-0

[Event "XVI Cto Aragón Veteranos 2017 Grupo B"]
[Site ""]
[Date "2017.04.22"]
[Round "1"]
[White "Lasierra Arceiz Javier"]
[Black "Hernandez Delgado Gabriel"]
[Result "0-1"]
[WhiteElo "1500"]
[BlackElo "1874"]

1.e4 Nc6 2.Nf3 d5 3.e5 d4 4.d3 Bg4 5.Nbd2 Nxe5 6.Be2 Bxf3 7.Nxf3 Nc6 8.O-O e6
9.Bg5 Be7 10.Qd2 h6 11.Bf4 Bf6 12.h3 Nge7 13.c4 g5 14.Bh2 Ng6 15.b4 h5 16.b5
g4 17.bxc6 gxf3 18.Bxf3 b6 19.Rfe1 Bg5 20.Qe2 h4 21.Bg4 O-O 22.Bxe6 fxe6 23.
Qxe6+ Kh7 24.Qg4 Qf6 25.Re2 Qf5 26.Qxd4 Bf6 27.Qe4 Qxe4 28.Rxe4 Bxa1 29.Bxc7
Rfc8 0-1

[Event "XVI Cto Aragón Veteranos 2017 Grupo B"]
[Site ""]
[Date "2017.04.22"]
[Round "1"]
[White "Sarto Ramos Angel"]
[Black "Otal Bomau Jose Miguel"]
[Result "1-0"]
[WhiteElo "1869"]
[BlackElo "1493"]

1.Nf3 Nf6 2.d4 g6 3.Nc3 Bg7 4.e4 d6 5.Bg5 O-O 6.Qd2 Re8 7.Bh6 Bh8 8.h3 e5 9.d5
Na6 10.g4 Nc5 11.Bd3 b6 12.b4 Nxd3+ 13.cxd3 a6 14.Ne2 Bb7 15.Rc1 Nxd5 16.exd5
Bxd5 17.Neg1 e4 18.dxe4 Bxe4 19.Be3 d5 20.Kf1 d4 21.Bg5 f6 22.Bf4 Rc8 23.Rh2
d3 24.Ne1 c5 25.f3 Bb7 26.Nxd3 c4 27.Ne1 Bd5 28.Rd1 Bb7 29.Qxd8 Rcxd8 30.Rxd8
Rxd8 31.Bc7 Rc8 32.Bxb6 Bc6 33.Ne2 Ba4 34.Nc3 Bc6 35.Rc2 Bb7 36.Kf2 Bg7 37.Ng2
Rc6 38.Bc5 a5 39.a3 Bf8 40.Bxf8 Kxf8 41.Ne2 axb4 42.axb4 f5 43.gxf5 gxf5 44.
Ngf4 Rc7 45.Nd4 Rd7 46.Nde6+ Ke8 47.Nc5 Rf7 48.Nxb7 Rxb7 49.Nd5 Ra7 50.Rxc4
Ra2+ 51.Ke3 Kf7 52.b5 Ke6 53.Nf4+ Ke5 54.Rc5+ Kd6 1-0

[Event "XVI Cto Aragón Veteranos 2017 Grupo B"]
[Site ""]
[Date "2017.04.22"]
[Round "1"]
[White "Perez Sirera Jose Maria"]
[Black "Edeso Perez Francisco"]
[Result "0-1"]
[WhiteElo "1483"]
[BlackElo "1808"]

1.d4 d5 2.Nf3 g6 3.e3 Bf5 4.Nbd2 Nf6 5.Be2 Bg7 6.O-O O-O 7.b3 b6 8.Ne5 c5 9.
Bb2 cxd4 10.exd4 Qc7 11.Rc1 Nfd7 12.Ndf3 Bh6 13.Nd2 Nxe5 14.dxe5 Nd7 15.f4 b5
16.Bxb5 Qb6+ 17.Kh1 Qxb5 18.c4 dxc4 19.Nxc4 Rad8 20.Qe1 Nb6 21.Na5 Qd7 22.Ba3
Rfe8 23.Nc6 Ra8 24.Qh4 Bf8 25.Rfd1 Qb7 26.Qe1 Rac8 27.Nd4 Be4 28.Qf2 Rxc1 29.
Bxc1 e6 30.Be3 Nd5 31.Bc1 Nc3 32.Rd2 Bc5 33.Bb2 Nb5 34.h3 Rd8 35.Kh2 Nxd4 36.
Bxd4 Bxd4 37.Rxd4 Rxd4 38.Qxd4 Bd5 39.g4 Qb6 40.Qd2 a5 41.Kg3 Qc5 42.Kh4 Kg7
43.Qb2 Qe3 44.Qh2 Qe1+ 45.Qg3 Qxg3+ 46.Kxg3 Kf8 47.Kf2 Ke7 48.Ke3 Kd7 49.Kd4
Kc6 0-1

[Event "XVI Cto Aragón Veteranos 2017 Grupo B"]
[Site ""]
[Date "2017.04.22"]
[Round "1"]
[White "Marin Fuertes Angel Maria"]
[Black "Serra Casas Jaime"]
[Result "0-1"]
[WhiteElo "1747"]
[BlackElo "1465"]

1.e4 e6 2.d4 d5 3.Nc3 c5 4.exd5 exd5 5.dxc5 d4 6.Bb5+ Nc6 7.Nce2 Qa5+ 8.Qd2
Qxb5 9.Nxd4 Nxd4 10.Qxd4 Qxc5 11.Qe4+ Qe7 12.Qxe7+ Bxe7 13.Nf3 Bf5 14.Nd4 Bg6
15.O-O Rd8 16.c3 a6 17.Re1 Rd7 18.Bf4 Nf6 19.Nb3 b6 20.Nd4 O-O 21.Nc6 Bd6 22.
Be3 Rc8 23.Nd4 Ng4 24.h3 Nxe3 25.Rxe3 Bc5 26.Rae1 f6 27.Rd1 Bxd4 28.cxd4 Rc2
29.Rb3 Rd6 30.a3 Rc4 31.Rc3 b5 32.Rxc4 bxc4 33.f3 Bd3 34.b3 Bc2 0-1

[Event "XVI Cto Aragón Veteranos 2017 Grupo B"]
[Site ""]
[Date "2017.04.22"]
[Round "1"]
[White "Cervera Soler Ramon"]
[Black "Martinez Crespo Juan"]
[Result "1-0"]
[WhiteElo "1445"]
[BlackElo "1707"]

1.d4 d5 2.c4 e6 3.Nf3 Nf6 4.Nc3 c6 5.e3 Nbd7 6.cxd5 exd5 7.Bd3 Bd6 8.O-O O-O
9.Re1 Re8 10.Qc2 h6 11.a3 Re7 12.Bd2 Qe8 13.e4 dxe4 14.Nxe4 Nxe4 15.Rxe4 Rxe4
16.Bxe4 Nf6 17.Re1 Be6 18.Bc3 Qd7 19.Ne5 Bxe5 20.dxe5 Nxe4 21.Rd1 Bd5 22.Qxe4
Bxe4 23.Rxd7 b5 24.b4 Kf8 25.Bd4 a5 26.Bc5+ Ke8 27.Re7+ Kd8 28.Rxf7 Ra6 29.
Rxg7 axb4 30.Bxb4 c5 31.Bxc5 Rc6 32.Be3 Rc3 33.Ra7 Rd3 34.h4 h5 35.e6 Bc6 36.
Bc5 Rd1+ 37.Kh2 Re1 38.e7+ Ke8 39.Rc7 Re6 40.Kh3 Rg6 41.Rc8+ Kf7 42.Rf8+ 1-0

[Event "XVI Cto Aragón Veteranos 2017 Grupo B"]
[Site ""]
[Date "2017.04.22"]
[Round "1"]
[White "Pellicer Sancho Rafael"]
[Black "Burillo Lazaro Amelia"]
[Result "1-0"]
[WhiteElo "1705"]
[BlackElo "1387"]

1.d4 g6 2.e4 Bg7 3.Nf3 d6 4.Bf4 Nd7 5.Nc3 Ngf6 6.Qd2 O-O 7.Bh6 Re8 8.Bxg7 Kxg7
9.Bd3 e5 10.Bc4 h6 11.O-O-O c6 12.dxe5 Ng4 13.exd6 b5 14.Qd4+ Nge5 15.Be2 Qf6
16.Nxe5 Qxe5 17.Qxe5+ Rxe5 18.f4 Re8 19.Bf3 Bb7 20.e5 a5 21.Nxb5 cxb5 22.Bxb7
Ra7 23.Bc6 b4 24.Ba4 Rd8 25.Rhe1 Nc5 26.b3 Nxa4 27.bxa4 Rdd7 28.g4 Ra6 29.f5
f6 30.e6 Raxd6 1-0

[Event "XVI Cto Aragón Veteranos 2017 Grupo B"]
[Site ""]
[Date "2017.04.22"]
[Round "1"]
[White "Lopez Carcas Jesus"]
[Black "Beltran Langarita Alfredo"]
[Result "1/2-1/2"]
[WhiteElo "1370"]
[BlackElo "1697"]

1.e4 e6 2.f4 d5 3.e5 c6 4.Nf3 Ne7 5.c3 Ng6 6.d4 Be7 7.Bd3 Nh4 8.O-O Nxf3+ 9.
Qxf3 a6 10.Nd2 b5 11.Qg3 g6 12.Nf3 1/2-1/2

[Event "XVI Cto Aragón Veteranos 2017 Grupo B"]
[Site ""]
[Date "2017.04.22"]
[Round "1"]
[White "Arteaga Jimenez Francisco"]
[Black "Codina Escudero Juan"]
[Result "1-0"]
[WhiteElo "1661"]
[BlackElo "1347"]

1.e4 e6 2.d3 d5 3.Nd2 dxe4 4.dxe4 Nc6 5.Ngf3 Bd6 6.g3 Nf6 7.c3 O-O 8.Bg2 Bd7
9.O-O Ne5 10.Nxe5 Bxe5 11.Nf3 Bb5 12.Nxe5 Bxf1 13.Qxf1 Qd6 14.Nc4 Qe7 15.Qe2
b5 16.Ne5 a6 17.f4 Rad8 18.Be3 Nd7 19.Nc6 Qe8 20.Nxd8 Qxd8 21.Rd1 Qc8 22.e5 c5
23.Rd6 c4 24.Qd2 Nc5 25.Rc6 Qd7 26.Rxc5 Qxd2 27.Bxd2 Rd8 28.Be3 g6 29.Bd4 Rb8
30.Rc6 a5 31.a3 b4 32.axb4 axb4 33.cxb4 Rxb4 34.Bc3 Ra4 35.Bf1 Kg7 36.Bxc4
Ra1+ 37.Kg2 Re1 38.Bxe1 1-0

[Event "XVI Cto Aragón Veteranos 2017 Grupo B"]
[Site ""]
[Date "2017.04.22"]
[Round "1"]
[White "Gutierrez Lizarraga Manuel"]
[Black "Navarro Rubio Rafael"]
[Result "0-1"]
[WhiteElo "1339"]
[BlackElo "1651"]

1.c4 Nf6 2.d4 d5 3.cxd5 Nxd5 4.Nc3 c6 5.e4 Nxc3 6.bxc3 g6 7.Nf3 Bg7 8.h3 O-O
9.Be2 Nd7 10.O-O c5 11.Bb2 a6 12.a4 b6 13.Qc2 Bb7 14.Rfd1 Qc7 15.Ba3 Rfd8 16.
d5 Ne5 17.Bc1 Nxf3+ 18.Bxf3 Qe5 19.Ra3 b5 20.c4 b4 21.Rb3 a5 22.Bb2 Qc7 23.
Bxg7 Kxg7 24.Qb2+ Kg8 25.Rbd3 Ba6 26.Qb3 Qe5 27.Kh1 Rd6 28.R3d2 Rad8 29.Qc2 h5
30.g3 Rb8 31.Qb3 Bc8 32.Bg2 g5 33.Rd3 Rf6 34.R3d2 h4 35.g4 Bd7 36.Kg1 Qc3 37.
Qc2 Qxc2 38.Rxc2 0-1

[Event "XVI Cto Aragón Veteranos 2017 Grupo B"]
[Site ""]
[Date "2017.04.29"]
[Round "2"]
[White "Navarro Rubio Rafael"]
[Black "Gonzalez Felez Jose Julian"]
[Result "0-1"]
[WhiteElo "2009"]
[BlackElo "1651"]

1.d4 Nf6 2.Nc3 d5 3.e4 dxe4 4.Bg5 Bf5 5.Qe2 Nbd7 6.f3 exf3 7.Nxf3 c6 8.O-O-O
Be6 9.Bxf6 Nxf6 10.Ne5 Qa5 11.Kb1 O-O-O 12.h3 h5 13.a3 Rd6 14.Qf2 g6 15.Bc4
Rh7 16.Rhe1 Bh6 17.Ne4 Nxe4 18.Rxe4 Bd5 19.Re2 Rf6 20.Qg1 e6 21.g4 hxg4 22.
hxg4 Bf4 23.Bxd5 cxd5 24.Nf3 g5 25.Ne5 Rfh6 26.Qf1 Qc7 27.Rf2 Rh4 28.Nf3 Rxg4
29.Qe2 Rgh4 30.Rdf1 {le suena el telÃ©fono movil a las blancas y pierde la partida}
0-1

[Event "XVI Cto Aragón Veteranos 2017 Grupo B"]
[Site ""]
[Date "2017.04.29"]
[Round "2"]
[White "Brosa Soto Jesus"]
[Black "Pellicer Sancho Rafael"]
[Result "1-0"]
[WhiteElo "1967"]
[BlackElo "1705"]

1.d4 Nf6 2.Bg5 g6 3.Nd2 Bg7 4.e4 d6 5.Bd3 Nc6 6.c3 a6 7.f4 e5 8.d5 Ne7 9.fxe5
dxe5 10.Ngf3 O-O 11.Qe2 Nd7 12.O-O-O Nc5 13.Bc2 b5 14.Nb3 Qd6 15.Rhe1 Bd7 16.
Nxc5 Qxc5 17.d6 Nc8 18.dxc7 Qxc7 19.Kb1 Be6 20.Qd2 Nb6 21.b3 a5 22.Qd6 Qxd6
23.Rxd6 Nc8 24.Rd2 Nb6 25.Red1 a4 26.Rd6 axb3 27.axb3 Rab8 28.Kb2 Rfe8 29.Be3
Nc8 30.Rd8 Ne7 31.Rxb8 Rxb8 32.Bc5 Nc6 33.Rd6 Nd8 34.Bb6 Nb7 35.Rd3 f6 36.Nd2
Bf8 37.b4 Nd6 38.Bc7 Nc4+ 39.Nxc4 Rc8 40.Nxe5 Rxc7 41.Nf3 Rd7 42.Nd4 Bc4 43.
Bb3 Kh8 44.Bxc4 bxc4 45.Re3 Bxb4 46.cxb4 Rxd4 47.Kc3 Rd1 48.Kxc4 Rc1+ 49.Kd5
Rb1 50.Kc5 Rb2 51.b5 Kg7 52.b6 Rc2+ 53.Kb4 1-0

[Event "XVI Cto Aragón Veteranos 2017 Grupo B"]
[Site ""]
[Date "2017.04.29"]
[Round "2"]
[White "Serra Casas Jaime"]
[Black "Orti Stock Carlos"]
[Result "0-1"]
[WhiteElo "1465"]
[BlackElo "1898"]

1.d4 c5 2.Nf3 cxd4 3.Qxd4 d6 4.e4 Nf6 5.Bb5+ Bd7 6.Bd3 Nc6 7.Qc3 g6 8.b3 Bg7
9.Qd2 O-O 10.c3 Qc7 11.Qc2 Rac8 12.h3 Rfd8 13.Bf4 Ne5 14.Nxe5 dxe5 15.Be3 Be6
16.O-O Rd6 17.f4 Rcd8 18.Be2 Nd7 19.Nd2 exf4 20.Bxf4 Be5 21.Be3 Nc5 22.Nc4
R6d7 23.Nxe5 Qxe5 24.Bxc5 Qxc5+ 25.Kh1 Rd2 26.Qc1 Rxe2 27.Qf4 Rdd2 28.Rad1
Rxg2 29.Rxd2 Rxd2 30.Qxd2 Bxh3 31.Rf3 Qh5 32.Rf2 Bf5+ 33.Kg1 Qg4+ 34.Kf1 Qxe4
35.Rf4 Qh1+ 36.Ke2 Qh2+ 37.Rf2 Qe5+ 38.Kd1 h5 39.b4 Qe4 40.Kc1 Qb1# 0-1

[Event "XVI Cto Aragón Veteranos 2017 Grupo B"]
[Site ""]
[Date "2017.04.29"]
[Round "2"]
[White "Hernandez Delgado Gabriel"]
[Black "Arteaga Jimenez Francisco"]
[Result "1-0"]
[WhiteElo "1874"]
[BlackElo "1661"]

1.Nf3 Nf6 2.g3 g6 3.b3 Bg7 4.Bb2 O-O 5.Bg2 d6 6.d4 c6 7.Nbd2 Nbd7 8.O-O Re8 9.
a4 a5 10.Re1 Qc7 11.e4 e5 12.dxe5 dxe5 13.Nc4 Bf8 14.Bc3 b6 15.Bf1 Nh5 16.Qd2
f6 17.Rad1 Nc5 18.Nb2 Bg4 19.Qe3 Be6 20.Bc4 Ng7 21.Nd2 Bxc4 22.Ndxc4 Nge6 23.
Re2 Red8 24.Red2 Rxd2 25.Rxd2 Rd8 26.Kf1 Kg7 27.Nd3 Nd4 28.f4 Nxd3 29.Qxd3 c5
30.fxe5 fxe5 31.Qe3 Be7 32.Rf2 Rf8 33.Rxf8 Bxf8 34.Qd3 Bd6 35.Kg2 Qd8 36.Ne3
Qd7 37.Nd5 Bc7 38.Bd2 Bd8 39.Be3 Qg4 40.Bxd4 exd4 41.Qf3 Qe6 42.Nf4 Qc6 43.e5
Qd7 44.Qe4 Kf8 45.Kf3 Ke8 46.Qd5 Qxd5+ 47.Nxd5 Kf7 48.Ke4 Ke6 49.Nf4+ 1-0

[Event "XVI Cto Aragón Veteranos 2017 Grupo B"]
[Site ""]
[Date "2017.04.29"]
[Round "2"]
[White "Ferruz Martinez Rafael"]
[Black "Sarto Ramos Angel"]
[Result "0-1"]
[WhiteElo "1301"]
[BlackElo "1869"]

1.e4 g6 2.d4 c6 3.Nf3 d5 4.exd5 cxd5 5.c4 Nf6 6.Be2 Bg7 7.h3 O-O 8.O-O Nc6 9.
Be3 dxc4 10.Bxc4 Nd5 11.Bxd5 Qxd5 12.Nc3 Qh5 13.g4 Qxh3 14.Nh2 Rd8 15.Ne2 Bxg4
16.Nxg4 Qxg4+ 17.Kh1 Be5 18.Ng3 Qh3+ 19.Kg1 Bxg3 20.fxg3 Qxg3+ 0-1

[Event "XVI Cto Aragón Veteranos 2017 Grupo B"]
[Site ""]
[Date "2017.04.29"]
[Round "2"]
[White "Edeso Perez Francisco"]
[Black "Cervera Soler Ramon"]
[Result "1-0"]
[WhiteElo "1808"]
[BlackElo "1445"]

1.d4 Nf6 2.c4 e6 3.Nc3 b6 4.Bg5 Be7 5.Nf3 Bb7 6.e3 c5 7.Be2 h6 8.Bh4 d6 9.O-O
Ne4 10.Bxe7 Qxe7 11.Qc2 Ng5 12.Nd2 Nd7 13.f4 Nh7 14.e4 cxd4 15.Nb5 O-O 16.Nxd4
Rac8 17.Qb1 a5 18.b4 d5 19.cxd5 axb4 20.dxe6 fxe6 21.N2b3 Nc5 22.e5 Be4 23.Qe1
Qb7 24.Qg3 Rf7 25.Nb5 Rd8 26.Nd6 Rxd6 27.exd6 Nf6 28.Nd2 Bf5 29.Nc4 Nfe4 30.
Qe3 Rd7 31.g4 Bg6 32.Ne5 Rxd6 33.Nxg6 Rd2 34.Bf3 Rd3 35.Bxe4 Qxe4 36.Qxe4 Nxe4
1-0

[Event "XVI Cto Aragón Veteranos 2017 Grupo B"]
[Site ""]
[Date "2017.04.29"]
[Round "2"]
[White "Beltran Langarita Alfredo"]
[Black "Marin Fuertes Angel Maria"]
[Result "0-1"]
[WhiteElo "1697"]
[BlackElo "1747"]

1.d4 Nf6 2.Nf3 d5 3.g3 e6 4.Bg2 Be7 5.O-O O-O 6.Nbd2 Nbd7 7.Re1 c5 8.c3 cxd4
9.Nxd4 Nb6 10.e4 dxe4 11.Nxe4 Nxe4 12.Rxe4 Nd5 13.Re1 Rb8 14.Qb3 Nf6 15.Nc6
Qc7 16.Nxb8 Qxb8 17.Bf4 Bd6 18.Bxd6 Qxd6 19.Bxb7 Bd7 20.Bg2 Rb8 21.Qc2 g6 22.
Rad1 Qb6 23.Rd2 Bc6 24.Rd6 Nd5 25.Bxd5 exd5 26.c4 Qc5 27.Rf6 dxc4 28.b3 Qd5
29.Rxc6 Qxc6 30.Qxc4 Qd6 31.Qe2 Kf8 32.Qe3 a6 33.Qe2 Rd8 34.Qb2 Kg8 35.b4 Rb8
36.a3 a5 37.b5 a4 38.Re4 Qd1+ 39.Kg2 Qd5 40.f3 Qxb5 41.Qxb5 Rxb5 42.Rxa4 Rb3
43.f4 h5 44.h4 Kg7 45.Ra6 Kf8 46.a4 Ra3 47.a5 Ke7 48.Ra7+ Ke6 49.a6 Kf6 50.Ra8
Kf5 51.Rf8 f6 52.Ra8 Kg4 53.a7 Rxg3+ 54.Kf2 Ra3 55.Rg8 Rxa7 56.Rxg6+ Kxf4 57.
Rxf6+ Kg4 58.Rg6+ Kxh4 59.Kg2 Ra2+ 60.Kh1 0-1

[Event "XVI Cto Aragón Veteranos 2017 Grupo B"]
[Site ""]
[Date "2017.04.29"]
[Round "2"]
[White "Martinez Crespo Juan"]
[Black "Lopez Carcas Jesus"]
[Result "1/2-1/2"]
[WhiteElo "1707"]
[BlackElo "1370"]

1.e4 e5 2.Nf3 Nc6 3.Bb5 Nd4 4.Bc4 Nxf3+ 5.Qxf3 Qf6 6.Qb3 Bc5 7.O-O Ne7 8.d3 a6
9.Be3 Ba7 10.a4 O-O 11.Nc3 c6 12.Bxa7 Rxa7 13.Qb6 Ra8 14.Qe3 Ng6 15.Ne2 d6 16.
f4 exf4 17.Nxf4 Qxb2 18.Nxg6 hxg6 19.Qg3 Qd4+ 20.Kh1 Be6 21.Bxe6 fxe6 22.Qxg6
Rf6 23.Qg4 Raf8 24.Qe2 Rxf1+ 25.Rxf1 Rxf1+ 26.Qxf1 Qxa4 27.Qd1 c5 28.h3 b5 29.
Qg4 Qa1+ 30.Kh2 Qe5+ 31.g3 a5 32.Qg6 Kf8 33.Qh7 Qf6 34.Qh8+ Kf7 35.Kg2 a4 36.
Qa8 Qc3 37.Qb7+ Kf6 38.Qxb5 Qxc2+ 39.Kf3 Qb3 40.Qa6 a3 41.Qxd6 c4 42.e5+ Kf7
43.Qd7+ Kg8 44.Qe8+ 1/2-1/2

[Event "XVI Cto Aragón Veteranos 2017 Grupo B"]
[Site ""]
[Date "2017.04.29"]
[Round "2"]
[White "Garcia Artal Obdulio"]
[Black "Perez Sirera Jose Maria"]
[Result "1/2-1/2"]
[WhiteElo "1646"]
[BlackElo "1483"]

1.e4 e6 2.Bc4 b6 3.d3 Bb7 4.Nf3 d5 5.exd5 exd5 6.Bb3 Nf6 7.Bg5 Qe7+ 8.Qe2
Qxe2+ 9.Kxe2 Be7 10.Re1 O-O 11.Kf1 Bd8 12.Nbd2 Nbd7 13.Re2 c5 14.Rae1 Bc7 15.
Ba4 Bc8 16.Bxd7 Nxd7 17.Re8 f6 18.Bh4 Ne5 19.Rxf8+ Kxf8 20.Nxe5 Bxe5 21.b3
Bxh2 22.g3 Bh3+ 23.Ke2 Re8+ 24.Kd1 Rxe1+ 25.Kxe1 g5 26.Nf3 gxh4 27.Nxh2 hxg3
28.fxg3 Ke7 29.Kf2 Ke6 30.a3 Ke5 31.Nf3+ Kf5 32.c3 a6 33.Nd2 Ke5 34.Nf3+ Kd6
35.d4 a5 36.dxc5+ bxc5 37.Ke3 Be6 38.Nd2 Kc6 39.Kd3 Kb5 40.Ke3 a4 41.b4
1/2-1/2

[Event "XVI Cto Aragón Veteranos 2017 Grupo B"]
[Site ""]
[Date "2017.04.29"]
[Round "2"]
[White "Burillo Lazaro Amelia"]
[Black "Lorente Latorre Antonio"]
[Result "0-1"]
[WhiteElo "1387"]
[BlackElo "1609"]

1.Nf3 Nf6 2.d4 g6 3.c4 Bg7 4.Nc3 O-O 5.e4 d6 6.Be2 Nbd7 7.Bf4 c5 8.e5 dxe5 9.
dxe5 Ng4 10.h3 Ngxe5 11.O-O Nc6 12.a3 a6 13.Qd2 Nd4 14.Nxd4 cxd4 15.Nd5 e5 16.
Bh6 Nc5 17.Bxg7 Kxg7 18.Qb4 Ne6 19.f4 a5 20.Qe7 Qxe7 21.Nxe7 Nxf4 22.Bf3 Rb8
23.Rad1 Be6 24.Nd5 Bxd5 25.cxd5 Rfd8 26.Rfe1 f6 27.Rd2 Nxd5 28.Rc2 d3 29.Rc5
d2 30.Re4 b6 31.Rc6 Nf4 32.Rc7+ Kg8 33.Bd1 Rbc8 34.Rec4 Rxc7 35.Rxc7 e4 36.Kf2
Rd3 37.Bb3+ Rxb3 0-1

[Event "XVI Cto Aragón Veteranos 2017 Grupo B"]
[Site ""]
[Date "2017.04.29"]
[Round "2"]
[White "Cortes Sobrevilla Cecilio"]
[Black "Gutierrez Lizarraga Manuel"]
[Result "0-1"]
[WhiteElo "1570"]
[BlackElo "1339"]

1.d4 Nf6 2.Nf3 g6 3.e3 Bg7 4.b3 O-O 5.Bb2 d6 6.Bd3 e6 7.Nbd2 b6 8.Qe2 Bb7 9.e4
Nbd7 10.O-O-O c5 11.e5 dxe5 12.dxe5 Ng4 13.h3 Ngxe5 14.Nxe5 Nxe5 15.Bxe5 Bxe5
16.Qxe5 Bxg2 17.Rh2 Bb7 18.Be4 Qd7 19.Bxb7 Qxb7 20.Ne4 f6 21.Nxf6+ Rxf6 22.
Qxf6 Qf7 23.Rd8+ Rxd8 24.Qxd8+ Kg7 25.Qd6 0-1

[Event "XVI Cto Aragón Veteranos 2017 Grupo B"]
[Site ""]
[Date "2017.04.29"]
[Round "2"]
[White "Codina Escudero Juan"]
[Black "Lasierra Arceiz Javier"]
[Result "0-1"]
[WhiteElo "1347"]
[BlackElo "1500"]

1.d4 d5 2.c4 Nc6 3.Nc3 e6 4.a3 Nge7 5.Bg5 h6 6.Bf4 a6 7.h3 Ng6 8.Bg3 Bd6 9.
Bxd6 Qxd6 10.c5 Qe7 11.Nf3 O-O 12.e3 Nb8 13.Bd3 c6 14.Bxg6 fxg6 15.O-O Nd7 16.
b4 e5 17.dxe5 Nxe5 18.Nxe5 Qxe5 19.Na4 Qg5 20.Kh2 Rf7 21.Nb6 Rb8 22.Nxc8 Rxc8
23.Qg4 Qxg4 24.hxg4 g5 25.Kg3 Kh7 26.a4 Kg6 27.f3 Re8 28.Rae1 Rfe7 29.Kf2 Rf7
30.Re2 Re4 31.Rb1 Rxg4 32.Kg1 Rxf3 33.Kh2 Rf7 34.Kh3 Re4 35.Kg3 h5 36.Rb3 h4+
37.Kh2 Rfe7 38.Kg1 Kh5 39.Kf2 g4 40.Re1 Rf7+ 41.Ke2 g3 42.Rf1 Rxf1 43.Kxf1 Kg4
44.Ke2 h3 45.gxh3+ Kxh3 46.Rb1 g2 47.Rg1 Rxb4 48.Kf3 Rb2 49.e4 dxe4+ 50.Kxe4
Kh2 0-1

[Event "XVI Cto Aragón Veteranos 2017 Grupo B"]
[Site ""]
[Date "2017.05.06"]
[Round "3"]
[White "Gonzalez Felez Jose Julian"]
[Black "Hernandez Delgado Gabriel"]
[Result "1-0"]
[WhiteElo "2009"]
[BlackElo "1874"]

1.b3 e5 2.Bb2 d6 3.e3 Nf6 4.d4 exd4 5.Qxd4 a6 6.Nc3 Nc6 7.Qd2 Be6 8.Nf3 h6 9.
O-O-O Be7 10.a3 Nd7 11.Kb1 Bf6 12.Nd4 Nxd4 13.exd4 d5 14.f4 Nb6 15.Be2 Qd7 16.
h3 g5 17.a4 Nc8 18.f5 Bxf5 19.Rhf1 Be7 20.Rxf5 Qxf5 21.Bg4 Qf4 22.Qe2 c6 23.
Ba3 Kf8 24.Rf1 Qxf1+ 25.Qxf1 Bxa3 26.Be6 Nd6 27.Ne2 Re8 28.Bg4 h5 29.Bf3 Ne4
30.Ka2 Bd6 31.Qc1 f6 32.c4 Rh7 33.Nc3 Bb4 34.Ne2 Bd6 35.Qc2 f5 36.Nc3 g4 37.
Bd1 Nxc3+ 38.Qxc3 Rhe7 39.Qd2 Re3 40.hxg4 fxg4 41.Qf2+ Kg7 42.Qf5 Rg3 43.Bc2
Rxg2 44.Qg6+ Kf8 45.Qxd6+ Kg7 46.Qg6+ Kf8 47.Qf6+ Kg8 48.Ka3 Rxc2 49.Qg6+ Kf8
50.Qxc2 Kg7 51.Qf5 Rh8 52.cxd5 cxd5 53.Qxd5 h4 54.Qg5+ Kf7 55.Qxg4 h3 56.Qf3+
Kg6 57.Qe4+ Kg7 58.Qxb7+ Kg6 59.Qe4+ Kf7 60.Qf5+ Kg7 61.Qe5+ Kg8 62.Qh2 a5 63.
b4 axb4+ 64.Kxb4 1-0

[Event "XVI Cto Aragón Veteranos 2017 Grupo B"]
[Site ""]
[Date "2017.05.06"]
[Round "3"]
[White "Sarto Ramos Angel"]
[Black "Brosa Soto Jesus"]
[Result "1-0"]
[WhiteElo "1869"]
[BlackElo "1967"]

1.Nf3 Nf6 2.g3 g6 3.Bg2 Bg7 4.O-O d5 5.d4 O-O 6.c4 c6 7.Nc3 Nbd7 8.cxd5 cxd5
9.Bf4 Nb6 10.b3 Bf5 11.Nh4 Bd7 12.Qd2 Bc6 13.Bh6 Ne4 14.Nxe4 Bxh6 15.Qxh6 dxe4
16.Rfd1 Qd5 17.Rac1 Rad8 18.Bh3 Nd7 19.e3 f5 20.Bf1 e6 21.Nxg6 hxg6 22.Qxg6+
Kh8 23.Qh6+ Kg8 24.Bc4 1-0

[Event "XVI Cto Aragón Veteranos 2017 Grupo B"]
[Site ""]
[Date "2017.05.06"]
[Round "3"]
[White "Orti Stock Carlos"]
[Black "Edeso Perez Francisco"]
[Result "0-1"]
[WhiteElo "1898"]
[BlackElo "1808"]

1.b3 c5 2.Bb2 e6 3.e3 Nf6 4.f4 Be7 5.Nf3 O-O 6.Be2 Nc6 7.O-O d6 8.Nc3 Bd7 9.
Bd3 Nb4 10.Qe1 Nxd3 11.cxd3 b5 12.Qg3 Kh8 13.Ne4 Bc6 14.Rac1 h6 15.Rc2 a5 16.
Rfc1 Bd5 17.Nf2 a4 18.bxa4 Rxa4 19.a3 Bb3 20.Rc3 Bd5 21.e4 Bb7 22.Rb3 Ba6 23.
e5 Ne8 24.exd6 Bxd6 25.Ne5 Qc8 26.Ne4 Be7 27.Qh3 Kh7 28.Ng5+ Kg8 29.Ne4 Nf6
30.Qg3 Kh7 31.Nxf6+ Bxf6 32.Qe3 c4 33.dxc4 bxc4 34.Qe4+ Kg8 35.Rb4 Ra5 36.a4
Qc5+ 37.Qe3 Qxb4 38.Bc3 Qc5 39.Qxc5 Rxc5 40.Nd7 Rf5 41.Nxf8 Bxc3 42.dxc3 Kxf8
43.g3 Rd5 44.Rb1 Ke7 45.Rb6 Rd6 46.Rb8 Kf6 47.Kf2 Rd7 48.Rb6 Bb7 49.a5 Bd5 50.
Ke3 Ra7 51.a6 Ke7 52.Kd4 Kd8 53.Kc5 Kc7 54.Rd6 Ra8 55.Rb6 Rd8 56.Kb5 Rb8 0-1

[Event "XVI Cto Aragón Veteranos 2017 Grupo B"]
[Site ""]
[Date "2017.05.06"]
[Round "3"]
[White "Marin Fuertes Angel Maria"]
[Black "Cortes Sobrevilla Cecilio"]
[Result "1-0"]
[WhiteElo "1747"]
[BlackElo "1570"]

1.e4 d6 2.d4 c6 3.Nc3 Nd7 4.Be3 Ngf6 5.h3 e5 6.dxe5 dxe5 7.Bd3 Bb4 8.Ne2 O-O
9.O-O Qc7 10.a3 Be7 11.b4 a6 12.Ng3 Nb6 13.Qe2 c5 14.bxc5 Bxc5 15.Nd1 Be6 16.
Bxc5 Qxc5 17.Qe3 Qc6 18.Nb2 Rad8 19.a4 a5 20.Bb5 Qc7 21.Rac1 Rd6 22.c4 Rd4 23.
Qc3 Nbd7 24.f3 Nc5 25.Ne2 Rdd8 26.Rfd1 Nfxe4 27.fxe4 Nxe4 28.Qe3 Qc5 29.Qxc5
Nxc5 30.Rxd8 Rxd8 31.Rd1 Rxd1+ 32.Nxd1 Kf8 33.Ndc3 f5 34.g3 Ke7 35.Kf2 g5 36.
h4 h6 37.hxg5 hxg5 38.Ke3 Bf7 39.Nd5+ Kd6 40.Nec3 Ne6 41.Nb6 Kc7 42.Ncd5+ Kd8
43.Nd7 e4 44.Ne5 Bh5 45.Nd7 Bf3 46.Ne5 Bh1 47.Bd7 f4+ 48.gxf4 gxf4+ 49.Nxf4
Nc5 50.Ne6+ Nxe6 51.Bxe6 Ke7 52.Bd5 Kd6 53.Ng4 b6 54.Nf2 Bg2 55.Nxe4+ Bxe4 56.
Kxe4 Kc5 57.Kd3 Kb4 58.Bc6 Kc5 59.Bb5 Kd6 60.Kd4 Kc7 61.Kd5 Kb7 62.Kd6 Kb8 63.
Kc6 Ka7 64.Kc7 1-0

[Event "XVI Cto Aragón Veteranos 2017 Grupo B"]
[Site ""]
[Date "2017.05.06"]
[Round "3"]
[White "Pellicer Sancho Rafael Jose"]
[Black "Lasierra Arceiz Javier"]
[Result "1-0"]
[WhiteElo "1705"]
[BlackElo "1500"]

1.d4 d5 2.c4 h6 3.Nc3 e6 4.Nf3 Nc6 5.Bf4 a6 6.e3 Bb4 7.a3 Ba5 8.b4 Bb6 9.c5
Ba7 10.b5 axb5 11.Nxb5 Bb8 12.Bd3 Bd7 13.O-O Nf6 14.h3 O-O 15.g4 Nh7 16.Bxh7+
Kxh7 17.g5 f5 18.h4 Ne7 19.Nc3 c6 20.Ne5 Bxe5 21.Bxe5 Be8 22.Bd6 Rg8 23.f4 Ng6
24.h5 Ne7 25.g6+ Kh8 26.Qe1 Nc8 27.Be5 b5 28.Qg3 Bd7 29.Ne2 Qa5 30.Rfd1 Na7
31.Kg2 Qa4 32.Ng1 b4 33.axb4 Qxb4 34.Qf2 Nb5 35.Qe1 Qb2+ 36.Qf2 Qxf2+ 37.Kxf2
Nc3 38.Rdc1 Ne4+ 39.Kg2 Nd2 40.Ne2 Nc4 41.Kf3 Nxe5+ 42.fxe5 Rab8 43.Rcb1 Rb5
44.Nc3 Rxb1 45.Rxb1 Ra8 46.Na4 Be8 47.Nb6 Rb8 48.Ra1 Kg8 49.Ra7 Kf8 50.Nd7+
Bxd7 51.Rxd7 Rb1 52.Rd6 Rh1 53.Rxe6 Rxh5 54.Rxc6 Rg5 55.Rd6 h5 56.c6 h4 57.c7
Ke7 58.c8=Q Rg3+ 59.Kf2 1-0

[Event "XVI Cto Aragón Veteranos 2017 Grupo B"]
[Site ""]
[Date "2017.05.06"]
[Round "3"]
[White "Otal Bornau Jose Miguel"]
[Black "Arteaga Jimenez Francisco"]
[Result "0-1"]
[WhiteElo "1493"]
[BlackElo "1661"]

1.e4 c5 2.Nf3 d6 3.d4 cxd4 4.Nxd4 Nf6 5.f3 a6 6.c4 Qc7 7.a3 Bd7 8.Nc3 e6 9.Be3
Nc6 10.Nc2 Na5 11.b3 Nxb3 12.Rb1 Nc5 13.Be2 Bc6 14.Nb4 Rc8 15.Nxc6 Qxc6 16.O-O
Be7 17.Qc2 O-O 18.Rfd1 Rfd8 19.Rd2 Nfd7 20.Rb4 g6 21.Bd4 Nf6 22.a4 Qc7 23.Bf2
Nh5 24.g3 Nf6 25.Qb1 Nfd7 26.h4 Bf6 27.Qc2 Nb8 28.Rb1 Qa5 29.Bd4 Be7 30.Ra1
Nc6 31.Ra3 Nxd4 32.Rxd4 Qb4 33.Ra1 Bf6 34.Rb1 Bxd4+ 0-1